000 00648cam a22001571 4500
082 _a620.11
_bAME
_cL-36, P-30
110 2 _aAmerican Society for Testing Materials.
_925223
245 1 0 _aSymposium on usefulness and limitations of samples.
_cPresented at the 51st annual meeting, American Society for Testing Materials, Detroit, Mich., June 22, 1948.
260 _a[n. p.,
_c1948]
300 _a39 p.
_bdiagrs.
_c23 cm.
500 _a"Reprint from ... Proceedings of the American Society for Testing Materials, volume 48, 1948."
526 _a0
_b0
_c0
_d620_110000000000000_AME
650 0 _aMCE
_9379
650 0 _aSampling.
_9160
942 _2ddc
_cBK
999 _c545273
_d545273